Fast and furious films - Statistics

General Stats
  • This quiz has been taken 146 times
  • The average score is 6 of 9
Answer Stats
Hint Answer % Correct
1 The fast and the furious
100%
4 Fast and furious
91%
2 2 fast 2 furious
84%
6 Fast and furious 6
53%
8 The fate of the furious
53%
7 Fast and furious 7
51%
5 Fast and furious 5
48%
9 (coming soon) Fast and furious 9
41%
3 The fast and the furious Tokyo drift
36%
No matching quizzes found
Score Distribution
Percent of People with Each Score
Percentile by Number Answered
Your Score History
You have not taken this quiz